|
|
|
|
| LEADER |
00000nta a2200000 i 4500 |
| 001 |
dolg3543 |
| 005 |
20161125105623.0 |
| 008 |
161125suuuu hu o 000 hun d |
| 040 |
|
|
|a BGE Dolgozattár Repozitórium
|b hun
|
| 041 |
|
|
|a hu
|
| 100 |
1 |
|
|a Kathi Renáta
|
| 245 |
1 |
0 |
|a Online marketingkommunikáció a vállalat működésében
|c Kathi Renáta
|h [elektronikus dokumentum]
|
| 246 |
1 |
1 |
|a Online marketingkommunikáció a vállalat működésében
|
| 246 |
1 |
1 |
|a Online marketingkommunikáció a vállalat működésében
|
| 516 |
|
|
|a Final_paper
|
| 695 |
|
|
|a Online marketing
|
| 695 |
|
|
|a Marketingkommunikáció
|
| 700 |
1 |
|
|a Montagnon Beatrix
|e ths
|
| 856 |
4 |
0 |
|u http://dolgozattar.uni-bge.hu/3543/1/rep.docx
|z Dokumentum-elérés
|